| 000 | 00410nam a22001697a 4500 | ||
|---|---|---|---|
| 005 | 20180719152600.0 | ||
| 008 | 160526b xxu||||| |||| 00| 0 eng d | ||
| 020 | _a81-225-1377-3 | ||
| 041 | _aeng | ||
| 082 |
_b5248 _a658.155 |
||
| 100 |
_aGanguly, Anand _91312 |
||
| 245 | _aInsurance Management | ||
| 260 |
_aNew Delhi _bAcademic Faundation |
||
| 300 | _a172p, | ||
| 650 |
_aManagement _9241 |
||
| 942 | _cBK | ||
| 999 |
_c1837 _d1836 |
||